000
00303nam a2200109Ia 4500
008
171211s9999 xx 000 0 und d
245
_a
Sine requie anno XIII
245
_c
Leonardo Moretti and Matteo Cortini
260
_c
2014
650
_x
GAMES
856
_u
http://down.ebook777.com/058/8895001060.pdf
999
_c
348877
_d
348877